MARC details
| 000 -LEADER |
| campo de control de longitud fija |
01750nmc a2200505 a 4500 |
| 003 - IDENTIFICADOR DE NÚMERO DE CONTROL |
| campo de control |
AR-BaBNM |
| 005 - FECHA Y HORA DE LA ÚLTIMA TRANSACCIÓN |
| campo de control |
20251128211509.0 |
| 008 - DATOS DE LONGITUD FIJA--INFORMACIÓN GENERAL |
| campo de control de longitud fija |
064120s1999 ||||||||||||||000 | spa|| |
| 020 ## - NÚMERO INTERNACIONAL ESTÁNDAR DEL LIBRO |
| Número Internacional Estándar del Libro |
950-07-1149-4 |
| 040 ## - FUENTE DE CATALOGACIÓN |
| Centro/agencia transcriptor |
AR-BaBNM |
| 245 10 - MENCIÓN DEL TÍTULO |
| Título |
17 de miedo |
| 246 1# - FORMA VARIANTE DEL TITULO |
| Título propio/Titulo breve |
Dicisiete de miedo |
| 250 ## - MENCION DE EDICION |
| Mención de edición |
4ª ed. |
| 260 ## - PUBLICACIÓN, DISTRIBUCIÓN, ETC. |
| Lugar de publicación, distribución, etc. |
Buenos Aires |
| Nombre del editor, distribuidor, etc. |
Sudamericana |
| Fecha de publicación, distribución, etc. |
1999 |
| 300 0# - DESCRIPCIÓN FÍSICA |
| Extensión |
93 p. |
| 490 #0 - MENCIÓN DE SERIE |
| Mención de serie |
Primera sudamericana |
| 505 ## - NOTA DE CONTENIDO CON FORMATO |
| Título |
El desbravador de mulas |
| Mención de responsabilidad |
Accame, Jorge |
| 505 ## - NOTA DE CONTENIDO CON FORMATO |
| Título |
Gato y torcaza |
| Mención de responsabilidad |
Wapner, David |
| 505 ## - NOTA DE CONTENIDO CON FORMATO |
| Título |
La luz |
| Mención de responsabilidad |
Wapner, David |
| 505 ## - NOTA DE CONTENIDO CON FORMATO |
| Título |
Juan sin miedo |
| Mención de responsabilidad |
Calvino, Italo |
| 505 ## - NOTA DE CONTENIDO CON FORMATO |
| Título |
Crónicas de terror |
| Mención de responsabilidad |
Califa, Oche |
| 505 ## - NOTA DE CONTENIDO CON FORMATO |
| Título |
Un mojado miedo verde |
| Mención de responsabilidad |
Falbo, Graciela |
| 505 ## - NOTA DE CONTENIDO CON FORMATO |
| Título |
La casa gris |
| Mención de responsabilidad |
Canela [seud.] |
| 505 ## - NOTA DE CONTENIDO CON FORMATO |
| Título |
El demonio de mis sueños |
| Mención de responsabilidad |
Machado, Antonio |
| 505 ## - NOTA DE CONTENIDO CON FORMATO |
| Título |
El tamaño del miedo |
| Mención de responsabilidad |
Roldán, Gustavo |
| 505 ## - NOTA DE CONTENIDO CON FORMATO |
| Título |
Los dragones |
| Mención de responsabilidad |
Pérez Aguilar, Graciela |
| 505 ## - NOTA DE CONTENIDO CON FORMATO |
| Título |
Historia de Don Muerte, la triste y el zopilote |
| Mención de responsabilidad |
Galeano, Eduardo |
| 505 ## - NOTA DE CONTENIDO CON FORMATO |
| Título |
Cacería de la víbora de cascabel |
| Mención de responsabilidad |
Quiroga, Horacio |
| 505 ## - NOTA DE CONTENIDO CON FORMATO |
| Título |
El señor escondido |
| Mención de responsabilidad |
Pescetti, Luis María |
| 505 ## - NOTA DE CONTENIDO CON FORMATO |
| Título |
La calle de los fantasmas |
| Mención de responsabilidad |
Villafañe, Javier |
| 505 ## - NOTA DE CONTENIDO CON FORMATO |
| Título |
Murcielaguito |
| Mención de responsabilidad |
Silverstein, Shel |
| 505 ## - NOTA DE CONTENIDO CON FORMATO |
| Título |
Los mosntruos que conocí |
| Mención de responsabilidad |
Silverstein, Shel |
| 505 ## - NOTA DE CONTENIDO CON FORMATO |
| Título |
Miedo |
| Mención de responsabilidad |
Silverstein, Shel |
| 505 ## - NOTA DE CONTENIDO CON FORMATO |
| Título |
Las discotecas no existen de día |
| Mención de responsabilidad |
Shua, Ana María |
| 505 ## - NOTA DE CONTENIDO CON FORMATO |
| Título |
Alquimia para construir un Golem |
| Mención de responsabilidad |
Suez, Perla |
| 505 ## - NOTA DE CONTENIDO CON FORMATO |
| Título |
La ventana abierta |
| Mención de responsabilidad |
Saki |
| 650 #4 - PUNTO DE ACCESO ADICIONAL DE MATERIA--TÉRMINO DE MATERIA |
| Término de materia o nombre geográfico como elemento de entrada |
LIBROS PARA NINOS |
| 650 #4 - PUNTO DE ACCESO ADICIONAL DE MATERIA--TÉRMINO DE MATERIA |
| Término de materia o nombre geográfico como elemento de entrada |
CUENTOS DE TERROR |
| 650 #4 - PUNTO DE ACCESO ADICIONAL DE MATERIA--TÉRMINO DE MATERIA |
| Término de materia o nombre geográfico como elemento de entrada |
ANTOLOGIAS |
| 653 ## - TÉRMINO DE INDIZACIÓN--NO CONTROLADO |
| Término no controlado |
LITERATURA JUVENIL |
| 655 ## - TERMINO DE INDIZACIÓN--GENERO/FORMA |
| Datos o término principal de género/forma |
LITERATURA |
| 700 1# - ENTRADA AGREGADA--NOMBRE PERSONAL |
| Nombre de persona |
Sanzol, Jorge |
| Término indicativo de función/relación |
ilustrador |
| 942 ## - ELEMENTOS DE ENTRADA SECUNDARIOS (KOHA) |
| Tipo de ítem Koha |
Libros |
| 998 ## - INFORMACIÓN DE CONTROL LOCAL (RLIN) |
| Iniciales del catalogador, CIN (RLIN) |
Eugenia |